Geomorfología
Saved in:
| Main Author: | |
|---|---|
| Format: | Book |
| Language: | Spanish |
| Published: |
Madrid, España.
Alianza,
1984
|
| Series: | Alianza Universidad. Textos
|
| Subjects: | |
| Online Access: | Disponible Online |
| Tags: |
Add Tag
No Tags, Be the first to tag this record!
|
MARC
| LEADER | 00000nam a2200000 a 4500 | ||
|---|---|---|---|
| 001 | UCV4953 | ||
| 003 | CL-VaPUC | ||
| 005 | 20211027194230.0 | ||
| 008 | 911002e19840000SP |||||||||||||||||spa|d | ||
| 999 | |c 211577 |d 211575 | ||
| 040 | |c Pontificia Universidad Católica de Valparaíso | ||
| 082 | 0 | 4 | |a 551.4 COQ 1984 |2 21 |
| 100 | 0 | |a Coque, Roger |e author |9 299163 | |
| 245 | 1 | 0 | |a Geomorfología |
| 260 | |a Madrid, España. |b Alianza, |c 1984 | ||
| 300 | |a 475 páginas | ||
| 490 | 0 | |a Alianza Universidad. Textos | |
| 583 | |a last modification |c 19911002 00:00:00 |k Rodrigo Vera | ||
| 650 | 0 | |a Geomorfología |9 261377 | |
| 856 | |u http://bibliografiadigital.pucv.cl.pucv.idm.oclc.org/index.php/bibliotecapucv/catalog/book/823 |y Disponible Online | ||
| 942 | |c BK |2 ddc | ||
| 945 | |d 19911002 00:00:00 | ||
| 952 | |0 0 |1 0 |4 0 |6 551_400000000000000_COQ_1984 |7 0 |8 A |9 191230 |a BIBING |b BIBING |d 2019-11-14 |i 258851K |o 551.4 COQ 1984 |p 258851K |r 2025-01-20 |w 2019-11-14 |y BK |k GEO | ||